Normal view
MARC view
Entry Personal Name
001 - CONTROL NUMBER
- control field: 80098
003 - CONTROL NUMBER IDENTIFIER
- control field: dpl
005 - DATE AND TIME OF LATEST TRANSACTION
- control field: 20250402120935.0
008 - FIXED-LENGTH DATA ELEMENTS
- fixed length control field: 250402|| aca||aabn | a|a d
040 ## - CATALOGING SOURCE
- Original cataloging agency: dpl
- Transcribing agency: dpl
100 ## - HEADING--PERSONAL NAME
- Personal name: Falconer,John
670 ## - SOURCE DATA FOUND
- Source citation: Work cat.: (dpl)210645: Falconer,John, Early Photography and Archaeology in Western India, 2022
